|
|
|
|
| LEADER |
00000cam a2200000 7i4500 |
| 001 |
0000002519 |
| 005 |
20030714.0 |
| 090 |
0 |
0 |
|a 634.9202
|b NUS 2002
|
| 100 |
1 |
0 |
|a NUSSBAUM
|h Ruth
|
| 245 |
1 |
0 |
|a Assessing forest certification schemes :
|b a practical guide
|c Ruth Nussbaum, Stephen Jennings and Michael Garforth
|
| 260 |
0 |
0 |
|a Oxford :
|b ProForest ,
|c 2002
|
| 300 |
|
|
|a 60 p. :
|b ill. ;
|c 30 cm.
|
| 500 |
0 |
0 |
|a Bibliography : p. 59-60
|
| 650 |
0 |
0 |
|a Forest management
|x Certification
|
| 650 |
0 |
0 |
|a Forest management
|x Standards
|
| 700 |
0 |
1 |
|a Garforth
|h Michael
|
| 700 |
0 |
1 |
|a Jennings
|h Stephen
|
| 998 |
|
|
|a JPSM
|
| 999 |
|
|
|a 0000004677
|b Monograph
|c Open Shelf
|e Default branch
|